|
|
|
|
| LEADER |
01377nam a2200325 i 4500 |
| 001 |
AAL 851 |
| 003 |
BD-DhAAL |
| 005 |
20160209172046.0 |
| 008 |
150202s1980 ilua b 001 0 eng |
| 010 |
|
|
|a 79089263
|
| 020 |
|
|
|a 0256022569
|
| 040 |
|
|
|a DLC
|c DLC
|d DLC
|d BD-DhAAL
|
| 050 |
0 |
0 |
|a JK1067
|b .R53 1980
|
| 082 |
0 |
0 |
|a 328.73/0745
|
| 100 |
1 |
|
|a Ripley, Randall B.
|9 7786
|
| 245 |
1 |
0 |
|a Congress, the bureaucracy, and public policy /
|c Randall B. Ripley, Grace A. Franklin.
|
| 250 |
|
|
|a Rev. ed.
|
| 260 |
|
|
|a Homewood, Ill. :
|b Dorsey Press ;
|a Georgetown, Ont. :
|b Irwin-Dorsey,
|c 1980.
|
| 300 |
|
|
|a xii, 250 p. :
|b ill. ;
|c 23 cm.
|
| 490 |
0 |
|
|a The Dorsey series in political science
|
| 504 |
|
|
|a Includes index and bibliography: p. 233-242.
|
| 541 |
|
|
|e 851
|
| 610 |
1 |
0 |
|a United States.
|b Congress.
|9 7787
|
| 650 |
|
0 |
|a Civil service
|z United States.
|9 7788
|
| 651 |
|
0 |
|a United States
|x Politics and government.
|9 7789
|
| 700 |
1 |
|
|a Franklin, Grace A.,
|e joint author.
|9 7790
|
| 942 |
|
|
|2 ddc
|c BK
|
| 999 |
|
|
|c 33548
|d 33548
|
| 952 |
|
|
|0 0
|1 0
|2 ddc
|4 0
|6 328_730745000000000_RIP
|7 0
|9 52407
|a SCL
|b SCL
|c GEN
|d 2015-02-02
|e Gift: The Asia Foundation
|l 0
|o 328.730745 RIP
|p 3020000851
|r 2015-02-02
|t 1
|w 2015-02-02
|y BK
|
| 952 |
|
|
|0 0
|1 0
|2 ddc
|4 0
|6 328_730745000000000_RIP
|7 0
|9 52588
|a SCL
|b SCL
|c GEN
|d 2015-02-12
|e Gift: The Asia Foundation
|l 0
|o 328.730745 RIP
|p 3020000715
|r 2015-02-12
|t 2
|w 2015-02-12
|y BK
|